Ceny v hospodářské praxi /

Salvato in:
Dettagli Bibliografici
Autore principale: Nevařil, František (Autore)
Natura: Libro
Lingua:ceco
Pubblicazione: Praha : SNTL, 1974
Soggetti:
Tags: Aggiungi Tag
Nessun Tag, puoi essere il primo ad aggiungerne!!

MARC

LEADER 00000nam a22000003a 4500
001 stu45293
005 20150617225715.0
008 960130s1974----cs------------------cze-d
040 |a STU  |b slo 
041 0 |a cze 
044 |a cs 
080 |a 338.5 
100 1 |a Nevařil, František  |4 aut 
245 1 |a Ceny v hospodářské praxi /  |c [aut.]František Nevařil 
260 |a Praha :  |b SNTL,  |c 1974 
300 |a 198 s 
650 7 |a ceny  |2 stusub 
650 7 |a prax hospodárska  |2 stusub 
996 |b 284M011751  |c M*5882-1  |l MMKN  |s A  |a 24  |w stu45293_0001